| 000 | 00393nam a2200133Ia 4500 | ||
|---|---|---|---|
| 008 | 220204s9999 xx 000 0 und d | ||
| 082 |
_a631.453 _bOVE;1 |
||
| 245 | 0 | _aDecomposition of toxic and non toxic organic compounds in soils | |
| 260 |
_aMichigan _bAnn Arbor _c1981 |
||
| 650 | _aAgricultural chemicals | ||
| 650 | _aSoil organic compound | ||
| 700 | _aOVERCASH, Michael R | ||
| 942 | _cBK | ||
| 999 |
_c36459 _d36459 |
||